Personnages de Stephen King par indices - Statistiques

Statistiques générales
  • Ce quiz a été pris 11 fois
  • Le résultat moyen est 7 sur 15
Statistiques - réponses
Hint Réponse % Correct
Des idiots ont trouvé drôle de me recouvrir de sang de porc Carrie
82%
Bègue dont le frère s'est fait tuer par un clown Bill
73%
Femme assez spéciale ayant permis l'arrestation de Mr Mercedes Holly
64%
Auteur séquestré par une tarée Paul
64%
Mon mari essaye de me tuer avec une hache dans un hôtel Wendy
64%
Je suis menottée dans un lit Jessie
55%
Je trouve une boîte à boutons Gwendy
45%
Ma passion ? Martyriser le club des ratés, surtout le petit gros Henry
45%
Je suis fatigué John
45%
Je suis accusé d'avoir sauvagement assassiné et mutilé un enfant, tout m'accuse Terry
36%
J'ai neuf ans et j'aime Tom Gordon Trisha
36%
La victime du personnage précédent en pince pour moi Beverly
27%
Ma voiture est une tueuse Arnie
18%
Dirigeante du Nœud Vrai Rose
18%
Fan de Jimmy Gold et assassin de son auteur Morris
9%
Aucun quiz correspondant
Distribution des résultats
% des personnes avec chaque résultat
Percentile par nombre de réponses
Votre historique - résultats
Vous n’avez pas pris ce quiz